| 000 | 01669nam a22003494a 4500 | ||
|---|---|---|---|
| 001 | ebr10194170 | ||
| 003 | CaPaEBR | ||
| 006 | m u | ||
| 007 | cr cn||||||||| | ||
| 008 | 070626s2007 dcuab sb 000 0 eng | ||
| 010 | _z 2007931763 | ||
| 020 | _z0309108349 (pbk.) | ||
| 020 | _z0309108357 (pdf) | ||
| 020 | _z9780309108348 (pbk.) | ||
| 020 | _z9780309108355 (pdf) | ||
| 040 |
_aCaPaEBR _cCaPaEBR |
||
| 035 | _a(OCoLC)567827790 | ||
| 050 | 1 | 4 |
_aTD195.W54 _bN38 2007eb |
| 082 | 0 | 4 |
_a333.92 _222 |
| 110 | 2 |
_aNational Research Council (U.S.). _bCommittee on Environmental Impacts of Wind-Energy Projects. |
|
| 245 | 1 | 0 |
_aEnvironmental impacts of wind-energy projects _h[electronic resource] / _cCommittee on Environmental Impacts of Wind-Energy Projects, Board on Environmental Studies and Toxicology, Division on Earth and Life Studies, National Research Council of the National Academies. |
| 260 |
_aWashington, D.C. : _bNational Academies Press, _cc2007. |
||
| 300 |
_axvi, 376 p. : _bill. (some col.), maps (some col.). |
||
| 504 | _aIncludes bibliographical references (p. 219-266). | ||
| 533 |
_aElectronic reproduction. _bPalo Alto, Calif. : _cebrary, _d2013. _nAvailable via World Wide Web. _nAccess may be limited to ebrary affiliated libraries. |
||
| 650 | 0 |
_aWind power plants _xEnvironmental aspects _zUnited States. |
|
| 650 | 0 |
_aWind power _xEnvironmental aspects _zUnited States. |
|
| 655 | 7 |
_aElectronic books. _2local |
|
| 710 | 2 | _aebrary, Inc. | |
| 710 | 2 | _aNational Academies Press (U.S.) | |
| 856 | 4 | 0 |
_uhttp://site.ebrary.com/lib/rucke/Doc?id=10194170 _zAn electronic book accessible through the World Wide Web; click to view |
| 999 |
_c114580 _d114580 |
||